000
00223nam a2200097Ia 4500
008
240331s9999 xx 000 0 und d
082
_b
NAD
100
_a
Nandarajah,K.S.
245
0
_a
Vaiya patal of vaiyapuri aiyar
942
_c
L
999
_c
4754
_d
4754